Capitals of Island Countries - Sudden Death - Statistics

General Stats
  • This quiz has been taken 2,774 times
    1,869 since last reset
  • The average score is 13 of 18
Answers on the Grid
Answers color-coded by a green-red scale on the quiz's grid according to % correct below.
Athens
London
Dublin
Valletta
Majuro
Ottawa
Kuala Lumpur
Lilongwe
Ngerulmud
Cotonou
Funafuti
Wellington
Havana
Kingston
Belmopan
Port of Spain
Paramaribo
Victoria
Antananarivo
Sri Jayawardenepura Kotte
Dhaka
Beirut
Port Moresby
Suva
Apia
Seoul
Pyongyang
Tokyo
Lisbon
Nicosia
 
Answer Stats
Answer % Correct
Havana
85%
Tokyo
85%
Dublin
84%
Wellington
83%
London
82%
Kingston
81%
Nicosia
80%
Port of Spain
78%
Sri Jayawardenepura Kotte
78%
Valletta
78%
Port Moresby
77%
Antananarivo
73%
Suva
72%
Funafuti
68%
Apia
67%
Victoria
64%
Ngerulmud
57%
Majuro
56%
No matching quizzes found
Score Distribution
Percent of People with Each Score
Percentile by Number Answered
Your Score History
You have not taken this quiz since the last reset